000 01480 a2200217 4500
005 20250903124645.0
010 _aHIN-130400 B-764519-4533 25BACHN25
020 _a9789389305012
_c275.00
035 _aB-764519-4533
035 _aHN-102746
037 _bजयको पब्लिशिंग हाऊस
037 _bDBAD
082 _a158.1
100 _aशर्मा, रॉबिन
_984595
245 _a5 ए.एम क्लबः
_bप्रातः काल को अपना बनायें उन्नत जीवन पायें/
_cरॉबिन शर्मा
260 _aदिल्ली
_bजैको पब्लिशिंग हाऊस
_c2024
270 _a4736/प्रथम तल,प्लॉट नं.-1,अंसारी रोड़, दरियागंज,
_bदिल्ली
_e110002
300 _a255पृ,
_c22 सेमी (अजिल्द)
942 _adpl
_cHN
_2ddc
_h158.1
_mशर्मारॉ
999 _c210214
_d210214